01790cam a2200349 a 450000100090000000300090000900500170001800800410003502000180007603500200009404000430011408200200015724500930017726400500027030000510032033600260037133700280039733800270042550400510045250504850050365000390098865000380102765000410106565000270110665300240113365500240115770000300118190600450121194200120125699900170126895201550128517443364EG-ScBUE20221107081128.0120824s2013 enka f b 001 0 eng d a9780470684436 a(DNLM)101591061 aDNLM/DLCbengerdacDLCdDLCdEG-ScBUE04a615.19222bMOL00aMolecular pharmacology :bfrom DNA to drug discovery /cJohn Dickenson [and four others] 1aChichester, UK :bJohn Wiley and Sons,c2013. axiv, 409 pages :bcolor illustrations ;c26 cm 2rdacontentatextbtxt 2rdamediaaunmediatedbn 2rdacarrieravolumebnc aIncludes bibliographical references and index.0 aIntroduction to drug targets and molecular pharmacology -- Molecular cloning of drug targets -- G protein-coupled receptors -- Ion channels -- Transporter proteins -- Cystic fibrosis : alternative approaches to the treatment of a genetic disease -- Pharmacogenomics -- Transcription factors and gene expression -- Cellular calcium -- Genetic engineering of mice -- Signalling complexes : protein-protein interactions and lipid rafts -- Recombinant proteins and immunotherapeutics. 7aMolecular Targeted Therapy.2BUEsh 7aPharmacogeneticsxmethods.2BUEsh 7aDrug Delivery Systems.2BUEsh936090 7aDrug Discovery.2BUEsh bPPhrmcNovember2022 vReading book9342321 aDickenson, John,eauthor. a7bcbccorignewd1eecipf20gy-gencatlg 2ddccBB c29950d29921 00102ddc40708BaccahaMAINbMAINc1STd2022-11-07ePurchaseg1377.00h36915l0o615.19 MOLp000056414r2025-07-15 00:00:00v1721.25w2022-11-07yBB